|
|
|
|
| LEADER |
00000ny a22000003n 4500 |
| 005 |
20110512110441.0 |
| 008 |
091218s cn 000 eng d |
| 022 |
0 |
|
|a 0163-6391
|
| 035 |
|
|
|a 3190
|
| 040 |
|
|
|a UCA
|d vLex
|
| 090 |
|
|
|c 1742
|d 1742
|
| 245 |
0 |
0 |
|a Canada United States Law Journal
|h [Recurso electrn̤ico]
|
| 256 |
|
|
|a Servicio en ln̕ea
|
| 260 |
|
|
|a Cleveland :
|b Case Western Reserve University School of Law
|
| 500 |
|
|
|a Academic Journal
|
| 506 |
1 |
|
|a Contenido solo disponible en los productos indicados
|d vLex Global
|d vLex Global (Academic Edition, excluding Law Schools)
|d vLex Global (Academic Edition, Law Schools)
|
| 650 |
0 |
4 |
|a Derecho
|z Estados Unidos
|
| 740 |
|
|
|a vLex Revista (Servicios en ln̕ea)
|
| 843 |
|
|
|a Electrn̤ica. Abierta
|
| 856 |
4 |
0 |
|z Acceso restringido
|u http://vlex.com/account/login_ip?fuente_id=3190
|
| 942 |
|
|
|c REV
|
| 999 |
0 |
|
|a Law
|